000 00725nam a2200289Ia 4500
005 20260324144829.0
008 008 260324s9999 xx 000 0 eng d
020 _a9781003557036
037 _aEBOOK
040 _aCRL
040 _beng
040 _cCRL
041 _2eng
041 _aeng
084 _qCRL
100 _aJohn Slater
_91220769
245 4 _aThe Collected Papers of Bertrand Russell, Volume 8
245 4 _bThe Philosophy of Logical Atomism and Other Essays 1914-19
260 _bTaylor and Francis
260 _c1986
365 _a
365 _b450
856 _uhttp://www.taylorfrancis.com/books/9781003557036
942 _cEBOOK
999 _c1827874
_d1827874